[Event "FRA-ch U08 Girls"]
[Site "Le Grand Bornand"]
[Date "2007.04.??"]
[Round "9"]
[White "Mechaly, Lisa"]
[Black "Bellahcene, Anissa"]
[Result "1/2-1/2"]
[WhiteElo "1009"]
[BlackElo "1220"]
[PlyCount "97"]
[EventDate "2007.04.07"]
[EventType "swiss"]
[EventRounds "9"]
[EventCountry "FRA"]
[SourceTitle "CBM 118 Extra"]
[Source "ChessBase"]
[SourceDate "2007.07.04"]
[SourceVersion "1"]
[SourceVersionDate "2007.07.04"]
[SourceQuality "1"]

1. e4 e5 2. Nf3 Nc6 3. Nc3 Nf6 4. d3 d6 5. Be2 Be7 6. Bg5 0-0 7. 0-0 h6 8. Be3 Ng4 9. Nd5 Be6 10. Nxe7+ Qxe7 11. Qd2 d5 12. exd5 Bxd5 13. c4 e4 14. Nd4 Qh4 15. Bxg4 Nxd4 16. Bxd4 Qxg4 17. cxd5 Rfe8 18. Rfe1 c6 19. Rxe4 Rxe4 20. dxe4 Qxe4 21. dxc6 bxc6 22. Re1 Qd5 23. h3 c5 24. Re3 Qxd4 25. Qe2 Qd6 26. Rg3 Kf8 27. Qe4 Re8 28. Qh7 Re1+ 29. Kh2 g6 30. Qxh6+ Ke7 31. Qg5+ Qf6 32. Qxf6+ Kxf6 33. Rf3+ Kg7 34. Kg3 Re2 35. Ra3 Rxb2 36. Rxa7 c4 37. Rc7 Rc2 38. a4 Kf6 39. Rc6+ Ke7 40. Rc7+ Kd6 41. Rc8 Kd5 42. Rd8+ Kc5 43. Rc8+ Kb4 44. Rb8+ Kxa4 45. Ra8+ Kb4 46. Rb8+ Ka4 47. Ra8+ Kb4 48. Rb8+ Ka4 49. Ra8+ 1/2-1/2